Patapum : butlletí infantil del Museu Marítim de Barcelona per saber més del mar i la navegació / butlletí infantil del Museu Marítim de Barcelona per saber més del mar i la navegació /
Descripción Física:
30 cm
Idioma:
Catalán
MARC
| LEADER | 00000nas a2200000 a 4500 | ||
|---|---|---|---|
| 008 | 220503b2018 spaba||| |||| 00| 0 cat d | ||
| 017 | |a DL B 8144-2019 | ||
| 245 | |a Patapum : |b butlletí infantil del Museu Marítim de Barcelona per saber més del mar i la navegació / |c il·lustracions: Sònia Gonzalez | ||
| 260 | |a Barcelona : |b Museu Marítim de Barcelona, |c 2018- | ||
| 300 | |a 30 cm | ||
| 650 | 0 | |9 53424 |a Museu Marítim (Barcelona, Catalunya) |v Revistes | |
| 942 | |n 1 |2 udc |c ARXIU | ||
| 952 | |0 0 |1 0 |4 0 |6 REVISTES |7 1 |9 61463 |a Arxiu |b Arxiu |d 2022-05-03 |l 0 |o Revistes |r 2022-05-03 00:00:00 |w 2022-05-03 |y ARXIU | ||
| 999 | |c 81416 |d 81416 | ||